|
|
|
|
| LEADER |
00667cam a2200181 7i4500 |
| 001 |
0000003582 |
| 005 |
20170218090000.0 |
| 020 |
|
|
|a 9780201704471
|
| 020 |
|
|
|a 0201704471 (hbk.)
|
| 090 |
0 |
0 |
|a QA76.9.H85
|b H86 2001
|
| 245 |
0 |
0 |
|a Human-computer interaction in the new millennium
|c edited by John M. Carroll.
|
| 260 |
|
|
|a New York:
|b ACM Press,
|c 2002.
|
| 300 |
|
|
|a xxxvii, 703 p.:
|b ill.;
|c 25 cm.
|
| 504 |
|
|
|a Includes bibliographical references and index
|
| 650 |
0 |
0 |
|a Human-computer interaction
|
| 700 |
1 |
|
|a Carroll, John M
|
| 997 |
|
|
|a Communication, Visual Art & Computing, Faculty
|b Computing, Department
|
| 999 |
|
|
|a 0000003311
|b BOK
|c OPEN SHELF
|e 2nd Floor, Bestari Jaya
|